Les 10 meilleurs buteurs au 21eme siècle. - Statistiques

Statistiques générales
  • Ce quiz a été pris 449 fois
  • Le résultat moyen est 9 sur 10
Statistiques - réponses
Buts Joueurs Championnats % Correct
838 Cristiano Ronaldo PortugalAngleterre Espagne Italie Arabie Saoudite
100%
807 Lionel Messi EspagneFrance
100%
636 Robert Lewandowski PologneAllemagne Espagne
95%
573 Zlatan Ibrahimovic SuedePays-Bas
Italie Espagne France Angleterre Etats-Unis
94%
543 Luis Suarez UruguayPays-Bas Angleterre Espagne Bresil
92%
434 Neymar BresilEspagne France
91%
457 Karim Benzema FranceEspagne
89%
432 Edinson Cavani UruguayItalie France Angleterre Espagne
86%
426 Sergio Aguero ArgentineEspagne Angleterre
67%
426 David Villa EspagneEtats-Unis Australie Japon
50%
Aucun quiz correspondant
Distribution des résultats
% des personnes avec chaque résultat
Percentile par nombre de réponses
Votre historique - résultats
Vous n’avez pas pris ce quiz